Dictionary of national biography: from the earliest times to 1900 (Record no. 12694)

MARC details
000 -LEADER
fixed length control field 01005nam a2200169Ia 4500
082 ## - DEWEY DECIMAL CLASSIFICATION NUMBER
Classification number RR 920.041 SMI-;
100 ## - MAIN ENTRY--AUTHOR NAME
Personal name Smith, George
245 #0 - TITLE STATEMENT
Title Dictionary of national biography: from the earliest times to 1900
260 ## - PUBLICATION, DISTRIBUTION, ETC. (IMPRINT)
Place of publication London
Name of publisher Oxford University Press
Year of publication 1917
300 ## - PHYSICAL DESCRIPTION
Number of Pages 22v.
500 ## - GENERAL NOTE
General note Contents: Vol.5.Craik-Drake(1370p.) - v.6.Drant-Finan(1320p.) - v.7.Finch-Gloucester(1333p.) - v.8.Glover-Harriott(1339p.) - v.9.Harris-Hovenden(1338p.) - v.10.Howard-Kenneth(1343p.) - v.11.Kennett-Lluelyn(1335p.) - v.12.Llwyd-Mason(1343p.) - v.13Masquerier-Myles(1359p.) - v.14.Myllar-Owen(1367p.) - v.15Owens-Pockrich(1352p.) - v.16. Pocock-Robins(1339p.) - v.17.Robinson-Sheares(1412p.) - v.18.Shearman-Stovin(1342p.) - v.19.Stow-Tytler(1399p.) - v.20.Ubaldini-Whewell(1387p.) - v.21.Whichcord-Zuylestein(1358p.) - v.22.Supplement(1400p.)
504 ## - BIBLIOGRAPHY, ETC. NOTE
Bibliography, etc Includes index
650 ## - SUBJECT ADDED ENTRY--TOPICAL TERM
Topical Term Celebrities - Biography - United Kingdom
700 ## - ADDED ENTRY--PERSONAL NAME
Personal name Lee, Sindey
700 ## - ADDED ENTRY--PERSONAL NAME
Personal name Stephen, Leslie
942 ## - ADDED ENTRY ELEMENTS (KOHA)
Koha item type Books
Source of classification or shelving scheme Dewey Decimal Classification
Holdings
Withdrawn status Lost status Damaged status Not for loan Home library Current library Date acquired Full call number Accession Number Price effective from Koha item type
        NASSDOC Library NASSDOC Library 08/06/2004 RR 920.041 SMI-; 5169 18/04/2019 Reference Books
        NASSDOC Library NASSDOC Library 08/06/2004 RR 920.041 SMI-; 5170 18/04/2019 Reference Books
        NASSDOC Library NASSDOC Library 08/06/2004 RR 920.041 SMI-; 5171 18/04/2019 Reference Books
        NASSDOC Library NASSDOC Library 08/06/2004 RR 920.041 SMI-; 5172 18/04/2019 Reference Books
        NASSDOC Library NASSDOC Library 08/06/2004 RR 920.041 SMI-; 5173 18/04/2019 Reference Books
        NASSDOC Library NASSDOC Library 08/06/2004 RR 920.041 SMI-; 5174 18/04/2019 Reference Books
        NASSDOC Library NASSDOC Library 08/06/2004 RR 920.041 SMI-; 5175 18/04/2019 Reference Books
        NASSDOC Library NASSDOC Library 08/06/2004 RR 920.041 SMI-; 5345 18/04/2019 Reference Books
        NASSDOC Library NASSDOC Library 08/10/2004 RR 920.041 SMI-; 5481 18/04/2019 Reference Books
        NASSDOC Library NASSDOC Library 08/10/2004 RR 920.041 SMI-; 5482 18/04/2019 Reference Books
        NASSDOC Library NASSDOC Library 08/10/2004 RR 920.041 SMI-; 5483 18/04/2019 Reference Books
        NASSDOC Library NASSDOC Library 08/10/2004 RR 920.041 SMI-; 5484 18/04/2019 Reference Books
        NASSDOC Library NASSDOC Library 08/06/2004 RR 920.041 SMI-; 5485 18/04/2019 Reference Books
        NASSDOC Library NASSDOC Library 08/06/2004 RR 920.041 SMI-; 5486 18/04/2019 Reference Books
        NASSDOC Library NASSDOC Library 08/06/2004 RR 920.041 SMI-; 5487 18/04/2019 Reference Books
        NASSDOC Library NASSDOC Library 08/06/2004 RR 920.041 SMI-; 5488 18/04/2019 Reference Books
        NASSDOC Library NASSDOC Library 08/06/2004 RR 920.041 SMI-; 5489 18/04/2019 Reference Books
        NASSDOC Library NASSDOC Library 08/06/2004 RR 920.041 SMI-; 5490 18/04/2019 Reference Books